000 00699nam a2200253Ia 4500
003 OSt
005 20220927110640.0
006 a|||||r|||| 00| 0
007 ta
008 220926b |||||||| |||| 00| 0 eng d
024 _a103545
037 _cReports
040 _aRTL
_cRTL
_beng
041 _2eng
_aeng
082 _a"z.273.N56t5, GD"
110 _aBihar Finance (Deptt)
_9379588
245 0 _aSecond five year plan for the year
260 _aPatta
_bSuptd Secretariat Press India
490 _v1956-57
650 _aGenerglia
_9356436
700 _aBihar Finance (Deptt)
_9379589
942 _h"z.273.N56t5, GD"
_cCC
999 _c697513
_d697513